=LDR 00000nam 2200000 4500 =001 INLIS000000000040312 =005 20130612145900 =008 ***********************************ind** =035 ##$$0010-061300000040312 =041 ##$$a ind =082 ##$$a 616.120 7547 =090 ##$$a 616.120 7547, meu e.1 =100 ##$$a meurs,dr.a.a.h =245 ##$$a elektrokardiografi praktis =260 ##$$a 1990 $b jakarta =300 ##$$a viii,272 hlm, ilus, 17,5x24,5 =700 ##$$a a.c.arntzenius =850 ##$$a NBPNMAT